|
|
|
|
| LEADER |
00000cam a2200000 7i4500 |
| 001 |
0000001105 |
| 005 |
20140103.0 |
| 020 |
0 |
0 |
|a 9679933571
|
| 090 |
0 |
0 |
|a 352.63266
|b PUB 1998
|
| 245 |
0 |
0 |
|a PUBLIC service management :
|b Achieving quality performance in the 21st century
|c edited by Mazlan Ahmad
|
| 260 |
0 |
0 |
|a Kuala Lumpur :
|b Institut Tadbiran Awam Negara (INTAN) ,
|c 1998
|
| 300 |
|
|
|a xxx, 583 p. ;
|c 22 cm.
|
| 500 |
0 |
0 |
|a Includes bibliographical references
|
| 650 |
0 |
0 |
|a Civil service reform
|
| 650 |
0 |
0 |
|a Civil service
|x Employees
|x Effect of technological innovations on
|
| 650 |
0 |
0 |
|a Civil service
|x Forecasting
|
| 650 |
0 |
0 |
|a Civil service
|x Officials and employees
|x Rating of
|
| 650 |
0 |
0 |
|a Public administration
|
| 700 |
0 |
1 |
|a Mazlan Ahmad
|
| 998 |
|
|
|a JPSM
|
| 999 |
|
|
|a 0000002311
|b Monograph
|c Open Shelf
|e Default branch
|